|
|
|
|
| LEADER |
01264nam a2200361 a 4500 |
| 001 |
nkc20051584901 |
| 003 |
CZ PrNK |
| 005 |
20060904162853.0 |
| 007 |
ta |
| 008 |
051007s2005 xr a g 000 1 cze |
| 015 |
|
|
|a cnb001584901
|
| 020 |
|
|
|a 80-7227-240-3
|q (brož.)
|
| 035 |
|
|
|a (OCoLC)85543329
|
| 040 |
|
|
|a OLA001
|b cze
|d ABA001
|
| 043 |
|
|
|a n-us---
|
| 072 |
|
7 |
|a 913(7)
|x Geografie Severní Ameriky, reálie, cestování
|2 Konspekt
|9 7
|
| 080 |
|
|
|a 908(73)
|2 MRF
|
| 080 |
|
|
|a (0:82-992)
|2 MRF
|
| 100 |
1 |
|
|a Pekárková, Iva,
|d 1963-
|7 jn19990218083
|4 aut
|
| 245 |
1 |
0 |
|a Šest miliard Amerik /
|c Iva Pekárková
|
| 246 |
3 |
|
|a 6 miliard Amerik
|
| 250 |
|
|
|a Vyd. 1.
|
| 260 |
|
|
|a Brno :
|b Petrov,
|c 2005
|
| 300 |
|
|
|a 309 s. :
|b il. ;
|c 18 cm
|
| 651 |
|
7 |
|a Spojené státy americké
|7 ge128584
|x reálie
|2 czenas
|
| 651 |
|
9 |
|a United States
|x description and travel
|2 eczenas
|
| 655 |
|
7 |
|a cestopisy
|7 fd131956
|2 czenas
|
| 655 |
|
9 |
|a books of travels
|2 eczenas
|
| 856 |
4 |
1 |
|u http://www.digitalniknihovna.cz/mzk/uuid/uuid:e15ce2e0-fe61-11e2-9923-005056827e52
|y Digitalizovaný dokument
|x NDK
|
| 910 |
2 |
|
|a BOA001
|b 1-1170.737
|
| 990 |
|
|
|a BK
|
| 995 |
|
|
|a 01
|
| 996 |
6 |
|
|b 2610283482
|c 1-1170.737
|l MZK
|r Sklad / do 1 hodiny
|n 6
|p p.v.
|w 000820163
|u 000010
|a 1
|e BOA001
|j MZK50
|s P
|